| 000 | 01340nam a2200349 a 4500 | ||
|---|---|---|---|
| 003 | CHAP | ||
| 005 | 20220329143831.0 | ||
| 008 | 111108s2011 es r 10000 spa d | ||
| 010 | _a102518 | ||
| 011 | _a103490 | ||
| 020 | _a9788461500628 | ||
| 035 | _a114179 | ||
| 040 | _cCHAP | ||
| 082 | 0 | 4 |
_a636 _bJ76 2011 |
| 111 | 2 |
_aJornadas sobre Producción Animal ( _n14 : _d2011 : _cZaragoza, Esp.) _962186 |
|
| 245 | 1 | 0 |
_aJornadas sobre Producción Animal (14o.) _c/por Asociación Interprofesional para el Desarrollo Agrario |
| 260 |
_aZaragoza, Esp. : _bAIDA, _c2011 |
||
| 300 |
_a2 v. : _bgráfs., tablas |
||
| 490 |
_aCongresos y jornadas. _pProducción animal |
||
| 590 |
_aBATCH-UPD _b10 _c20130110 _lUCH01 _h1436 |
||
| 590 |
_aBATCH-UPD _b10 _c20130410 _lUCH01 _h0910 |
||
| 590 |
_aBATCH-UPD _b10 _c20130914 _lUCH01 _h0423 |
||
| 590 |
_aCONVERSION _b10 _c20130109 _lUCH01 _h1356 |
||
| 650 | 1 | 4 |
_aGanadería _xCongresos. _944677 |
| 650 | 1 | 4 |
_aProducción animal. _991859 |
| 710 | 2 |
_aAsociación Interprofesional para el Desarrollo Agrario. _98022 |
|
| 830 |
_aCongresos y jornadas. _pProducción animal _927160 |
||
| 901 | _aBK | ||
| 942 | _cLIBRO | ||
| 949 |
_a636 J76 2011 _bBC _cCONG _d33724002310033 _eLIBRO _fv.2 _gDonaciØn _h116068 _i114179 _sb |
||
| 949 |
_a636 J76 2011 _bBC _cCONG _d33724002310074 _eLIBRO _fv.1 _gDonaciØn _h116067 _i114179 _sb |
||
| 999 |
_c102518 _d102518 |
||